000 00555nam a2200193Ia 4500
008 151121s9999||||xx |||||||||||||| ||und||
082 _a507/BEV
082 _bHNW-51059
100 _aBeveridge W। I। B।
245 4 _aThe Art Of Scientific Investigation
260 _b"The Scientific Book Club, London।"
260 _c--
300 _a176
600 _aBeveridge W। I। B।
630 _aThe Art Of Scientific Investigation
700 _aBeveridge W। I। B।
730 _aThe Art Of Scientific Investigation
942 _cBOOK
999 _c1235535
_d1235532